Strategic Behaviour in Network Industries: A Multidisciplinary Approach (Record no. 43412)

MARC details
000 -LEADER
fixed length control field 00578nam a22001817a 4500
005 - DATE AND TIME OF LATEST TRANSACTION
control field 20250326142714.0
008 - FIXED-LENGTH DATA ELEMENTS--GENERAL INFORMATION
fixed length control field 250326b |||||||| |||| 00| 0 eng d
020 ## - INTERNATIONAL STANDARD BOOK NUMBER
International Standard Book Number 9781847206107
041 ## - LANGUAGE CODE
Language code of text/sound track or separate title Eng.
082 ## - DEWEY DECIMAL CLASSIFICATION NUMBER
Classification number 658.4092 HEU
100 ## - MAIN ENTRY--PERSONAL NAME
Author Heuvelhof, Ernst Ten
245 ## - TITLE STATEMENT
Title Strategic Behaviour in Network Industries: A Multidisciplinary Approach
260 ## - PUBLICATION, DISTRIBUTION, ETC.
Place UK
Publisher Edward Elgar Publishing Ltd
Publication Year 2009
300 ## - PHYSICAL DESCRIPTION
Extent 214;. P. 23 cm
650 ## - SUBJECT ADDED ENTRY--TOPICAL TERM
Subject Business Strategy; Leadership; e-Commerce;e-Business; Marketing
700 ## - ADDED ENTRY--PERSONAL NAME
Co-Author Jong, Martin De and Kars, Mirjam
942 ## - ADDED ENTRY ELEMENTS (KOHA)
Koha item type Books
Holdings
Withdrawn status Lost status Source of classification or shelving scheme Damaged status Not for loan Home library Current library Shelving location Accession Date Vendor Price Bill number Full call number Barcode No Date last seen Discount Bill Date Koha item type Suggested By
    Dewey Decimal Classification     IMTN IMTN Rack 30-B 03/19/2025 Raghav Books Private Limited 9905.70 2374 658.4092 HEU 33703 03/26/2025 33 02/14/2025 Books Dr. Shanthi Perumal
Designed & Maintained by: LRC IMT Nagpur Contact: lrc@imtnag.ac.in© 2024. All Rights Reserved.